Fiber optic sensors (E-BOOK) (Record no. 191381)
[ view plain ]
| 000 -LEADER | |
|---|---|
| fixed length control field | 01513 a2200289 4500 |
| 003 - CONTROL NUMBER IDENTIFIER | |
| control field | Nust |
| 005 - DATE AND TIME OF LATEST TRANSACTION | |
| control field | 20170207154015.0 |
| 010 ## - LIBRARY OF CONGRESS CONTROL NUMBER | |
| LC control number | 2007049892 |
| 020 ## - INTERNATIONAL STANDARD BOOK NUMBER | |
| International Standard Book Number | 1420053655 (hardback : alk. paper) |
| 020 ## - INTERNATIONAL STANDARD BOOK NUMBER | |
| International Standard Book Number | 9781420053654 (hardback : alk. paper) |
| 035 ## - SYSTEM CONTROL NUMBER | |
| System control number | (OCoLC)183148734 |
| 035 ## - SYSTEM CONTROL NUMBER | |
| System control number | (OCoLC)ocn183148734 |
| 040 ## - CATALOGING SOURCE | |
| Transcribing agency | Nust |
| 082 00 - DEWEY DECIMAL CLASSIFICATION NUMBER | |
| Classification number | 681.25 |
| 245 00 - TITLE STATEMENT | |
| Title | Fiber optic sensors (E-BOOK) |
| Statement of responsibility, etc. | edited by Shizhuo Yin, Paul B. Ruffin, Francis T.S. Yu. |
| 250 ## - EDITION STATEMENT | |
| Edition statement | 2nd ed. |
| 260 ## - PUBLICATION, DISTRIBUTION, ETC. | |
| Place of publication, distribution, etc. | Boca Raton, FL : |
| Name of publisher, distributor, etc. | CRC Press, |
| Date of publication, distribution, etc. | c2008. |
| 300 ## - PHYSICAL DESCRIPTION | |
| Extent | xiii, 477 p. : |
| Other physical details | ill. ; |
| Dimensions | 25 cm. |
| 490 1# - SERIES STATEMENT | |
| Series statement | Optical science and engineering ; |
| Volume/sequential designation | 132 |
| 505 ## - FORMATTED CONTENTS NOTE | |
| Formatted contents note | 1 Overview Of Fiber Optic Sensors 1-2 Fiber Optic Sensors Based Upon The Fabry–Perot Interferometer 35-3 Polarimetric Optical Fiber Sensors . 65-4 In-Fiber Grating Optic Sensors 109-5-Femtosecond Laser-Inscribed Harsh Environment Fiber Bragg Grating Sensors 163-6 Fiber Specklegram Sensors . 201-7 Interrogation Techniques For Fiber Grating Sensors And The Theory Of Fiber Gratings 253-8 Fiber Optic Gyroscope Sensors. 333-9 Optical Fiber Hydrophone Systems 367-10 Applications Of Fiber Optic Sensors 397-11 Fiber Optic Bio And Chemical Sensors . 435 |
| 650 #0 - SUBJECT ADDED ENTRY--TOPICAL TERM | |
| Topical term or geographic name entry element | Optical fiber detectors. |
| 700 1# - ADDED ENTRY--PERSONAL NAME | |
| Personal name | Ruffin, Paul B. |
| 700 1# - ADDED ENTRY--PERSONAL NAME | |
| Personal name | Yin, Shizhuo, |
| Dates associated with a name | 1963- |
| 700 1# - ADDED ENTRY--PERSONAL NAME | |
| Personal name | Yu, Francis T. S., |
| Dates associated with a name | 1932- |
| 830 #0 - SERIES ADDED ENTRY--UNIFORM TITLE | |
| Uniform title | Optical science and engineering (Boca Raton, Fla.) ; |
| 856 41 - ELECTRONIC LOCATION AND ACCESS | |
| Materials specified | Table of contents only |
| Uniform Resource Identifier | <a href="http://www.loc.gov/catdir/toc/ecip086/2007049892.html">http://www.loc.gov/catdir/toc/ecip086/2007049892.html</a> |
| 942 ## - ADDED ENTRY ELEMENTS (KOHA) | |
| Source of classification or shelving scheme | |
| Koha item type | Book |
| Withdrawn status | Lost status | Source of classification or shelving scheme | Damaged status | Not for loan | Collection code | Permanent Location | Current Location | Date acquired | Total Checkouts | Full call number | Barcode | Date last seen | Price effective from | Koha item type |
|---|---|---|---|---|---|---|---|---|---|---|---|---|---|---|
| Military College of Signals (MCS) | Military College of Signals (MCS) | 12/12/2016 | 681/.25 YIN | MCSEB-730 | 12/08/2016 | 12/12/2016 | Book |
